Miasta Wielkiej Brytanii odwiedzane przez najwięcej turystów - Statystyki

Ogólne statystyki
  • Ten quiz został rozwiązany 10 303 razy
  • Średni wynik to 6 z 15
Statystyki odpowiedzi
Zwiedzający Miasta % Poprawnych
19,1 mln Londyn
100%
1,41 mln Manchester
86%
803 000 Liverpool
82%
2,36 mln Edynburg
59%
837 000 Glasgow
59%
1,10 mln Birmingham
55%
342 000 Cardiff
44%
344 000 Leeds
36%
526 000 Oksford
33%
459 000 Brighton and Hove
23%
547 000 Cambridge
21%
598 000 Bristol
20%
278 000 York
16%
348 000 Bath
5%
313 000 Inverness
3%
Nie znaleziono quizów pasujących do podanych kryteriów
Rozkład punktacji
Procent ludzi z każdym wynikiem
Percentyl według liczby udzielonych odpowiedzi
Twoja historia wyników
Nie rozwiązałeś tego quizu